000 01248 a2200277 4500
005 20160505111907.0
008 160503s2015 ck bd||fr|||| 000 0 spa d
020 _a9789588566597
040 _aCO-BoUCM
_bspa
_cSandra Palacio
_dSandra Palacio
041 0 _aspa
100 1 _aMontoya Duque, Gloria Inés
_976976
245 1 0 _aAcciones colectivas y conflicto en Buenaventura 2008 - 2012
_cGloria Inés Montoya Duque, Christian Alexander Narváez Álvarez, Amparo Carrillo Sáenz
260 _bUniversidad del Pacífico
_c2015
_aBuenaventura (Colombia)
300 _a76 páginas
_bmapas, tablas, gráficos
504 _aIncluye referencias bibliográficas
650 7 _aViolencia
_xAspectos sociales
_zColombia
_932080
650 7 _aConflicto armado
_xAspectos sociales
_936392
650 7 _911564
_aConflicto armado
_xAspectos económicos
650 7 _919835
_aMovimientos de protesta
690 _aSociología
_9386
700 1 _aNarváez Álvarez, Christian Alexander
_976977
700 1 _aCarrillo Sáenz, Amparo
_976978
710 1 _aUniversidad del Pacífico
_bPrograma de sociología
_bGrupo de investigación Huellas del Pacífico
_976979
942 _cLIBRO
_2DEWEY
_a5
_e1
_h303.66
_mM978ac
999 _c303261
_d303261